Principles of ecotoxicology

Đã lưu trong:
Bibliografiske detaljer
Hovedforfatter:  Walker, C. H
Format: Sách
Sprog:Undetermined
Udgivet:  CRC Press  2012
Fag:
Tags: Tilføj Tag
Ingen Tags, Vær først til at tagge denne postø!
Thư viện lưu trữ: Trung tâm Thư viện - Trường Đại học Công nghiệp TP. Hồ Chí Minh
LEADER 00547nam a2200157Ia 4500
001 UIH_02821
008 231011s9999 xx 000 0 und d
082 |a  577.272 
100 |a  Walker, C. H 
245 0 |a  Principles of ecotoxicology 
245 0 |c  Walker, C. H 
260 |b  CRC Press 
260 |c  2012 
650 |a  Pollution; Environmental toxicology; Environmental Science; Độc chất học môi trường;  
927 |a Sách 
980 |a Trung tâm Thư viện - Trường Đại học Công nghiệp TP. Hồ Chí Minh